Two Countries, Same 3-Letter Ending Quiz Stats

 Plays Quiz Updated Sep 20, 2014

Score 0/20 Timer 02:00
1 Play Today
% Correct
Paraguay
94.4%
Uruguay
94.3%
Belarus
93.7%
Senegal
79.6%
Canada
79%
Latvia
78.8%
Ecuador
74.4%
Bahrain
73.3%
India
65.2%
Spain
64.3%
% Correct
Portugal
60.4%
Grenada
59.5%
Rwanda
49.8%
Uganda
45.8%
El Salvador
38.5%
Bolivia
35.3%
Cambodia
31.8%
Philippines
28.5%
Cyprus
25%
St Vincent and the Grenadines
18.9%

You're not logged in!

Compare scores with friends on all Sporcle quizzes.
OR
Log In

Sporcle TV

Today on Sporcle TV


Watch our educational content, quiz creation guides, and fun videos on Sporcle TV.

Show Comments

Extras

Top Quizzes Today


Score Distribution

Your Account Isn't Verified!

In order to create a playlist on Sporcle, you need to verify the email address you used during registration. Go to your Sporcle Settings to finish the process.

Report this User

Report this user for behavior that violates our Community Guidelines.

Details: